Capitals of Countries that Start with "C" - Statistics

General Stats
  • This quiz has been taken 20 times
  • The average score is 14 of 15
Answer Stats
Country Capital % Correct
China Beijing
100%
Colombia Bogotá
100%
Cuba Havana
100%
Canada Ottawa
100%
Cambodia Phnom Penh
100%
Czech Republic Prague
100%
Costa Rica San José
100%
Chile Santiago
100%
Croatia Zagreb
100%
Cyprus Nicosia
94%
Chad N'Djamena
88%
Cape Verde Praia
82%
Central African Republic Bangui
76%
Cameroon Yaoundé
76%
Comoros Moroni
65%
No matching quizzes found
Score Distribution
Percent of People with Each Score
Percentile by Number Answered
Your Score History
You have not taken this quiz